00696nam a2200253 a 4500001001300000003000900013005001700022008004100039020001000080082001300090100002200103245002600125260003400151300000900185500003500194505001000229650001900239650001800258700002200276902000800298942000700306952011400313999001500427nice12345678IN_TiNIC20260116012340.0050524s1961 boma grp 000 0 eng  ac10000a821bGHO aGhose, Sisirkumar aLater Poems of Tagore aBombaybAsia Pub. Housec1961 a304p aincludes index and biblioraphy2 aIndex aEnglish-Poetry aTagore-Poetry1 aGhose, Sisirkumar bSRS cBK 001040708StackRoom-aHMIbHMId2007-06-14g100.00l0o821 GHOp013208r2007-06-14v100.00w2005-05-24yBK c6653d6653